header

A Miracle and a privilege (Record no. 155954)

MARC details
000 -LEADER
fixed length control field 01234nam a2200289Ia 4500
100 1# - MAIN ENTRY--AUTHOR NAME
Personal name Moore, Francis D.
245 12 - TITLE STATEMENT
Title A Miracle and a privilege
260 ## - PUBLICATION, DISTRIBUTION, ETC. (IMPRINT)
Place of publication Washington, D.C. :
Name of publisher J. Henry Press,
Year of publication 1995.
300 ## - PHYSICAL DESCRIPTION
Number of Pages xiv, 488 p.
650 #0 - SUBJECT ADDED ENTRY--TOPICAL TERM
Topical Term Surgeons
856 40 - ELECTRONIC LOCATION AND ACCESS
Uniform Resource Identifier http://site.ebrary.com/lib/rucke/Doc?id=10039739

No items available.

© 2026 Rongo University
Contact us: librarian | system librarian | Rongo university